Не смолкнет эхо над Балканами: советско-болгарский сборник

Bibliographische Detailangaben
Weitere Verfasser: Кастрева В. (составитель), Лошиц Ю. (редактор)
Sprache:Russisch
Veröffentlicht: Москва, Молодая гвардия, 1988
Schlagworte:
Format: Buch
KOHA link:https://koha.lib.tpu.ru/cgi-bin/koha/opac-detail.pl?biblionumber=258836

MARC

LEADER 00000nam0a2200000 4500
001 258836
005 20260202165933.0
010 |a 5235006542 
035 |a (RuTPU)RU\TPU\book\281725 
090 |a 258836 
100 |a 20140429d1988 k y0rusy50 ca 
101 0 |a rus 
102 |a RU 
105 |a a z 000zy 
200 1 |a Не смолкнет эхо над Балканами  |e советско-болгарский сборник  |f сост. В. Кастрева, Ю. Лошиц 
210 |a Москва  |c Молодая гвардия  |d 1988 
215 |a 319 с.  |c ил. 
606 1 |a Болгария  |x История  |2 stltpush  |3 (RuTPU)RU\TPU\subj\67618  |9 83342 
606 |a Международные отношения  |x История  |y Россия  |z 1855-1885  |9 89131 
610 1 |a Балканы 
610 1 |a Османская империя 
610 1 |a освобождение 
610 1 |a воспоминания 
610 1 |a письма 
610 1 |a публицистика 
610 1 |a статьи 
610 1 |a история 
610 1 |a 19 век 
686 |a Т3(2)522  |2 rubbk 
686 |a Т3(4Бол)  |2 rubbk 
702 1 |a Кастрева  |b В.  |4 220 
702 1 |a Лошиц  |b Ю.  |4 340 
801 1 |a RU  |b 63413507  |c 20140429 
801 2 |a RU  |b 63413507  |c 20150126  |g RCR 
942 |c BK